ਗੁਰੂ ਹਰਗੋਬਿੰਦ ਪਾਤਸ਼ਾਹ ਜੀ (Record no. 1431090)

MARC details
000 -LEADER
fixed length control field 00831nam a22002177a 4500
005 - DATE AND TIME OF LATEST TRANSACTION
control field 20251230154626.0
008 - FIXED-LENGTH DATA ELEMENTS--GENERAL INFORMATION
fixed length control field 250527b |||||||| |||| 00| 0 eng d
037 ## - SOURCE OF ACQUISITION
Terms of availability TB
040 ## - CATALOGING SOURCE
Original cataloging agency CRL
Transcribing agency CRL
041 ## - LANGUAGE CODE
Source of code Pun
Language code of text/sound track or separate title Pun
084 ## - COLON CLASSIFICATION NUMBER
Classification number Q8441wJ95 153R4
Assigning agency CRL
100 ## - MAIN ENTRY--PERSONAL NAME
Personal name ਰਕਬਾ, ਜੱਗਾ ਸਿੰਘ
9 (RLIN) 860450
245 ## - TITLE STATEMENT
Title ਗੁਰੂ ਹਰਗੋਬਿੰਦ ਪਾਤਸ਼ਾਹ ਜੀ
260 ## - PUBLICATION, DISTRIBUTION, ETC.
Place of publication, distribution, etc. ਚੰਡੀਗਢ, ਭਾਰਤ:
Name of publisher, distributor, etc. ਉਨਿਸਟਰ,
Date of publication, distribution, etc. 2024.
300 ## - PHYSICAL DESCRIPTION
Extent 423 ਪ.
365 ## - TRADE PRICE
Price amount 500.00
Currency code INR
650 ## - SUBJECT ADDED ENTRY--TOPICAL TERM
Topical term or geographic name entry element ਧਰਮ
9 (RLIN) 860451
650 ## - SUBJECT ADDED ENTRY--TOPICAL TERM
Topical term or geographic name entry element ਸਿੱਖ ਧਰਮ
9 (RLIN) 860452
942 ## - ADDED ENTRY ELEMENTS (KOHA)
Source of classification or shelving scheme Colon Classification (CC)
Koha item type Textbook
Classification part Q8441wJ95 153R4
Suppress in OPAC No
Holdings
Withdrawn status Lost status Source of classification or shelving scheme Damaged status Not for loan Home library Current library Date acquired Source of acquisition Cost, normal purchase price Inventory number Total Checkouts Full call number Barcode Date last seen Price effective from Koha item type
    Colon Classification (CC)     Central Library Central Library 2025-12-30 Star Publications Pvt. Ltd. 500.00 6561/05-03-2025   Q8441wJ95 153R4 CL1923233 2025-12-30 2025-12-30 Textbook
Copyright @ Delhi University Library System